000 00495nam a22001817a 4500
005 20180813161115.0
008 160513b xxu||||| |||| 00| 0 eng d
020 _a978-0-07-062030-8
041 _aeng
082 _b1981
_a658.4
100 _aHarold Koontz and Heinz Weihrich
_94795
245 _aEssentials of Management :an international perspective
250 _a 7TH ED.
260 _aNew Delhi
_bTata McGraw Hill Ltd.
300 _a460p,
650 _aManagement
_9241
942 _cBK
999 _c737
_d737